00678nam a2200205Ia 450000500170000000800410001704000190005804100120007708200160008910000170010524500420012226000330016430000110019765000190020885000100022794200070023799900170024495201030026195201080036420221207145136.0131103s9999 xx 000 0 und d aLoreto College aEnglish a821.91bMAR aMarquis, Don aarchys life of mehitabelcDon Marquis aLondonbfaber & faberc[19?] a192p.  aEnglish poetry aLCLIB cBK c21957d72436 00102ddc4070aMAINbMAINd2013-11-04l0o821.91 MAR 16151pB24231r2013-11-04w2013-11-04yBKf 00104070aMAINbMAINd2013-11-04l0o821.91/MAR LCLIB/16151,15143pB24232r2013-11-04w2013-11-04yBK